000 01005nam a2200289 i 4500
003 CO-BoRNBP
005 20250117110909.0
007 ta
008 250117s2019 Uy a|||| |||| 00| 0 spa d
020 _a9789974894686
_q9789974894693
040 _aCO-BoRNBP
_bspa
_cCO-BoRNBP
_erda
041 _aspa
084 _aC COX
100 1 _aCox, Jeny
_eautor
_957564
245 _aHistorias con magia - Cuentos 2 en 1/
_cJenny Cox, ilustraciones, Rachel Baines; traducción, Equipo Editorial Cypres
250 _aPrimera edición
264 4 _aMontevideo, Uruguay,
_b©Latinbooks International S.A.
_c2019
300 _a24 páginas,
_bilustraciones a color, tapa dura,
_calto 20 cm ancho 20 cm
336 _2rdacontent
_atexto
_btxt
337 _2rdamedia
_asin mediación
_bn
338 _2rdacarrier
_avolumen
_bnc
490 _aCuentos 2 en 1
650 _2LEMB
_aLiteratura infantil
_92746
650 _2LEMB
_aCuentos de magia
_957565
650 _2LEMB
_aCuentos divertidos
_957561
942 _2ddc
_cBKINF
999 _c56772
_d56772